[Event "22nd ch-EUR Indiv 2022"]
[Site "Terme Catez SLO"]
[Date "2022.04.05"]
[Round "10.136"]
[White "Kanyamarala, Trisha"]
[Black "Chennaoui, Yasin"]
[Result "1/2-1/2"]
[WhiteTitle "WIM"]
[WhiteElo "2180"]
[BlackElo "2015"]
[WhiteFideId "45004722"]
[BlackFideId "1330667"]
[EventDate "2022.03.27"]

1. d4 Nf6 2. c4 e6 3. Nc3 d5 4. cxd5 exd5 5. Bg5 Be7 6. e3 O-O 7. Bd3 Re8 8. h3
h6 9. Bf4 c5 10. Nf3 Nc6 11. O-O cxd4 12. Nb5 dxe3 13. Nc7 exf2+ 14. Rxf2 Be6
15. Nxa8 Qxa8 16. Rc1 Ne4 17. Re2 Bc5+ 18. Be3 Bxe3+ 19. Rxe3 a6 20. Bxe4 Qa7
21. Qd2 dxe4 22. Ne1 Nd4 23. Qf2 f5 24. Kh1 g5 25. Rd1 Nc6 26. Qe2 Qb6 27. b3
Rd8 28. Nc2 Ne5 29. Qh5 Rxd1+ 30. Qxd1 Nd3 31. Qd2 f4 32. Rxd3 exd3 33. Qxd3 Bf7
34. Nd4 Bg6 35. Qc4+ Bf7 36. Qc8+ Kh7 37. Qc2+ Qg6 38. Qc7 h5 39. Qe5 g4 40.
hxg4 hxg4 41. Qxf4 g3 42. Qf5 a5 43. Kg1 a4 44. bxa4 Bxa2 45. Kf1 Qxf5+ 46. Nxf5
b6 47. Nxg3 Bb3 48. Ke2 Bxa4 49. Kd3 Bc6 50. Ne4 Kg6 51. Nd6 Bxg2 52. Nc8 b5 53.
Nd6 Kf6 54. Kc3 Bf1 55. Kb4 Ke5 56. Nxb5 Kd5 57. Nc3+ Kd4 58. Nb5+ Ke4 59. Nc3+
Kd4 60. Nb5+ Ke4 61. Nc3+ Kd4 62. Nb5+ Kd3 63. Nc7 Bg2 64. Nb5 Bf1 65. Nc7 Bh3
66. Nb5 Bg2 67. Nc7 Kd4 68. Nb5+ Kd5 69. Nc3+ Ke5 70. Nb5 Ba8 71. Nc3 Bh1 72.
Nb5 Bd5 73. Nc3 Kd4 74. Nxd5 Kxd5 1/2-1/2

[Event "22nd ch-EUR Indiv 2022"]
[Site "Terme Catez SLO"]
[Date "2022.04.05"]
[Round "10.137"]
[White "Wecker, Martin"]
[Black "Varney, Zoe"]
[Result "1/2-1/2"]
[BlackTitle "WCM"]
[WhiteElo "2180"]
[BlackElo "1998"]
[WhiteFideId "12931462"]
[BlackFideId "436135"]
[EventDate "2022.03.27"]

1. Nf3 d5 2. g3 c6 3. Bg2 Nf6 4. O-O Bf5 5. d3 h6 6. Nbd2 e6 7. Qe1 Be7 8. e4
dxe4 9. dxe4 Bh7 10. Qe2 O-O 11. b3 a5 12. a4 Na6 13. Bb2 Nc5 14. Ne5 Qc7 15.
Nd3 Nxd3 16. Qxd3 Rfd8 17. Qe2 Nd7 18. Nc4 b5 19. Ne3 Bf6 20. Bxf6 Nxf6 21. f3
Qb6 22. Rfd1 bxa4 23. Rxd8+ Rxd8 24. Rxa4 Rd4 25. Rxd4 Qxd4 26. Qd3 Qb6 27. Kf2
Nd5 28. Qd2 Nxe3 29. Qxe3 Qb4 30. Bf1 Bg6 31. Bd3 c5 32. h4 Qc3 33. Qe1 Qd4+ 34.
Kg2 a4 35. bxa4 Qxa4 36. Qc3 Qc6 37. Qc4 Kf8 38. Qc3 f6 39. Qa5 Be8 40. Qa6 Qxa6
41. Bxa6 Ke7 42. Kf2 Kd6 43. Ke3 g5 44. f4 Bg6 45. c3 Be8 46. e5+ fxe5 47. fxg5
hxg5 48. hxg5 Bc6 49. Bd3 Ke7 50. c4 Kf7 51. Be4 Ba4 52. Bb1 Bc6 53. Bd3 Kg7 54.
Be4 1/2-1/2

[Event "22nd ch-EUR Indiv 2022"]
[Site "Terme Catez SLO"]
[Date "2022.04.05"]
[Round "10.138"]
[White "Pozun, Matej"]
[Black "Spacapan, Simon"]
[Result "1-0"]
[WhiteElo "2168"]
[BlackElo "1966"]
[WhiteFideId "14618788"]
[BlackFideId "14612461"]
[EventDate "2022.03.27"]

1. e4 c5 2. Nf3 d6 3. d4 cxd4 4. Nxd4 Nf6 5. Nc3 a6 6. Be2 e5 7. Nb3 Be7 8. Bg5
Nbd7 9. a4 h6 10. Bxf6 Nxf6 11. Bc4 b6 12. O-O Bb7 13. Bd5 Bxd5 14. Nxd5 Nxd5
15. Qxd5 O-O 16. Rfd1 Qc7 17. c3 Rfc8 18. Rd3 Qc6 19. g3 Rab8 20. Nd2 Qxd5 21.
Rxd5 b5 22. axb5 axb5 23. h4 Rc5 24. Kf1 Rxd5 25. exd5 f5 26. Ra7 Bf6 27. Ra6
Be7 28. Nb3 Kf8 29. Na5 e4 30. Nc6 Rb7 31. Ra7 Rxa7 32. Nxa7 b4 33. cxb4 Bd8 34.
h5 Ke8 35. Ke2 Kd7 36. Nb5 Bf6 37. Nc3 Bg5 38. Nd1 Kc7 39. Ne3 f4 40. gxf4 Bxf4
41. Nc4 Bg5 42. Nd2 Bf6 43. b3 Bc3 44. Nxe4 Bxb4 45. Ke3 Kd7 46. Kf4 Ke7 47. Kf5
Kf7 48. f3 Ba3 49. Nf2 Bc5 50. Nd3 Bd4 51. b4 Ke7 52. Kg6 Kd7 53. f4 Kc7 54. Kf7
Bc3 55. Ke6 Bd2 56. f5 Bc3 57. Ke7 Bd2 58. b5 Be3 59. Ke6 Bd4 60. Ke7 Bf6+ 61.
Kf7 Bd4 62. Nf4 Kb6 63. Ne6 Be5 64. Nxg7 Kxb5 65. Ne6 Kc4 66. Nc7 1-0

[Event "22nd ch-EUR Indiv 2022"]
[Site "Terme Catez SLO"]
[Date "2022.04.05"]
[Round "10.139"]
[White "Martinkus, Rolandas"]
[Black "Veleski, Robert"]
[Result "1/2-1/2"]
[WhiteTitle "FM"]
[BlackTitle "FM"]
[WhiteElo "2033"]
[BlackElo "2136"]
[WhiteFideId "12800481"]
[BlackFideId "15001008"]
[EventDate "2022.03.27"]

1. Nf3 Nf6 2. g3 g6 3. b3 Bg7 4. Bb2 O-O 5. Bg2 d6 6. d4 c5 7. O-O cxd4 8. Nxd4
d5 9. c4 dxc4 10. bxc4 Qb6 11. Qb3 Nfd7 12. Rd1 Nc5 13. Qxb6 axb6 14. Nc3 Na4
15. Nxa4 Rxa4 16. e3 Nd7 17. Rd3 Nc5 18. Ra3 Rb4 19. Bc3 Rxc4 20. Bf1 Ra4 21.
Rxa4 Nxa4 22. Bb4 Bf6 23. Rc1 Rd8 24. Nb3 Bg4 25. Kg2 Nb2 26. Rc7 Bd7 27. Be2
Be5 28. Rc1 Bc6+ 29. Kf1 Bf6 30. Nd4 Be4 31. Rc7 e5 32. Nb5 Nd3 33. Ba3 Nc5 34.
Bxc5 bxc5 35. Rxc5 Ra8 36. f3 Bc6 37. Rc2 Ra5 38. Nd6 Rd5 39. Nc4 Rb5 40. e4 Be7
41. Ne3 Rb1+ 42. Kg2 Bd8 43. Nd5 Kf8 44. Bc4 Ba5 45. Nc3 Rb4 46. Bd5 Ke7 47. Bb3
Rd4 48. Nd5+ Kf8 49. Ne3 Kg7 50. Bd5 Bxd5 51. Nxd5 f5 52. Rb2 b6 53. Nxb6 Bxb6
54. Rxb6 Rd2+ 55. Kh3 fxe4 56. fxe4 Rd4 57. g4 g5 58. Ra6 Rxe4 59. a4 1/2-1/2

[Event "22nd ch-EUR Indiv 2022"]
[Site "Terme Catez SLO"]
[Date "2022.04.05"]
[Round "10.140"]
[White "Javornik, Nik"]
[Black "Greicius, Pijus"]
[Result "0-1"]
[WhiteElo "2002"]
[BlackElo "2100"]
[WhiteFideId "14636549"]
[BlackFideId "12819093"]
[EventDate "2022.03.27"]

1. e4 d5 2. exd5 Qxd5 3. Nc3 Qa5 4. d4 Nf6 5. Nf3 Bf5 6. Bc4 e6 7. Bd2 Bb4 8.
O-O Nc6 9. a3 Bxc3 10. Bxc3 Qb6 11. Qe2 O-O 12. Rad1 Rad8 13. b4 Bg4 14. h3 Bxf3
15. Qxf3 Nxd4 16. Qf4 c5 17. Bd3 Nd5 18. Qh4 Nf5 19. Bxf5 exf5 20. bxc5 Qc6 21.
Bd4 f6 22. Rd3 g5 23. Rg3 f4 24. Rg4 Ne7 25. Bc3 Nf5 26. Qh5 Qe8 27. Qxe8 Rdxe8
28. Bxf6 Rxf6 29. Rxg5+ Kf7 30. Rb1 Re7 31. Rg4 Nd4 32. Rb4 Ne6 33. a4 h5 34.
Rh4 Kg6 35. g4 fxg3 36. fxg3 Ng5 0-1

[Event "22nd ch-EUR Indiv 2022"]
[Site "Terme Catez SLO"]
[Date "2022.04.05"]
[Round "10.141"]
[White "Lauda, Alexandr"]
[Black "Rozman, Monika"]
[Result "1/2-1/2"]
[BlackTitle "WFM"]
[WhiteElo "1789"]
[BlackElo "2094"]
[WhiteFideId "13903179"]
[BlackFideId "14609118"]
[EventDate "2022.03.27"]

1. e4 e5 2. Nf3 Nc6 3. Bc4 Bc5 4. O-O Nf6 5. d4 Bxd4 6. Nxd4 Nxd4 7. Bg5 d6 8.
f4 Be6 9. Na3 Qe7 10. f5 Bxc4 11. Nxc4 Qd7 12. Bxf6 gxf6 13. Ne3 O-O-O 14. c3
Nc6 15. Qa4 Ne7 16. Qxa7 Qc6 17. Ng4 Ng8 18. Nf2 Ne7 19. Ng4 Ng8 20. Nf2 h5 21.
Qe3 Ne7 22. Nd3 Rhg8 23. h3 Rg5 24. Rf2 Rdg8 25. Nb4 Qb5 26. Rd1 Rg3 27. Qa7 c5
28. Rxd6 Rxg2+ 29. Rxg2 Rxg2+ 30. Kxg2 Qe2+ 31. Kg1 Qe1+ 32. Kg2 Qe2+ 33. Kg1
Qe1+ 34. Kg2 Qe2+ 1/2-1/2

[Event "22nd ch-EUR Indiv 2022"]
[Site "Terme Catez SLO"]
[Date "2022.04.05"]
[Round "10.142"]
[White "Kocharin, Timur"]
[Black "Debevec, Blaz"]
[Result "1/2-1/2"]
[BlackTitle "CM"]
[WhiteElo "1760"]
[BlackElo "2084"]
[WhiteFideId "16240936"]
[BlackFideId "14605813"]
[EventDate "2022.03.27"]

1. d4 Nf6 2. Nf3 g6 3. e3 Bg7 4. Be2 O-O 5. O-O c5 6. dxc5 Qa5 7. c4 Qxc5 8. Nc3
d6 9. e4 Nc6 10. Be3 Qa5 11. h3 Be6 12. a3 Rfc8 13. b4 Qd8 14. Rc1 a5 15. Qb3
axb4 16. axb4 h6 17. Nd5 Nd7 18. Nf4 Nf8 1/2-1/2

[Event "22nd ch-EUR Indiv 2022"]
[Site "Terme Catez SLO"]
[Date "2022.04.05"]
[Round "10.143"]
[White "Garsky, Vladyslav"]
[Black "Mihov, Filip"]
[Result "0-1"]
[WhiteElo "1768"]
[BlackElo "2255"]
[WhiteFideId "34100270"]
[BlackFideId "15003892"]
[EventDate "2022.03.27"]

1. e4 c5 2. c3 Nf6 3. e5 Nd5 4. Bc4 Nb6 5. Bb3 c4 6. Bc2 Nc6 7. Nf3 d6 8. exd6
e5 9. O-O Bxd6 10. h3 O-O 11. b3 Re8 12. Re1 f5 13. bxc4 e4 14. Nd4 Ne5 15. Ba3
Bb8 16. c5 Nd5 17. Bb3 Nd3 18. Rf1 Kh8 19. Nb5 N5f4 20. Nd6 Bxd6 21. cxd6 Qg5
22. g3 Nxh3+ 23. Kg2 Ndf4+ 24. Kh2 Qh6 0-1

[Event "22nd ch-EUR Indiv 2022"]
[Site "Terme Catez SLO"]
[Date "2022.04.05"]
[Round "10.144"]
[White "Van Hoolandt, Patrick"]
[Black "Borisek, Anze"]
[Result "1-0"]
[WhiteTitle "FM"]
[WhiteElo "2065"]
[BlackElo "1905"]
[WhiteFideId "200999"]
[BlackFideId "14608693"]
[EventDate "2022.03.27"]

1. d4 f5 2. Nf3 Nf6 3. c4 e6 4. Nc3 c6 5. Bf4 d5 6. e3 Bd6 7. Qc2 O-O 8. Bd3 Ne4
9. O-O b6 10. Rfd1 Qe7 11. Rac1 Bb7 12. Bxd6 Qxd6 13. cxd5 exd5 14. Ne5 Nd7 15.
f3 Nxc3 16. Qxc3 Rac8 17. b4 c5 18. bxc5 bxc5 19. Nxd7 cxd4 20. Qxd4 Qxd7 21.
Qxa7 Ra8 22. Qb6 Rf6 23. Qc7 Qxc7 24. Rxc7 Rb6 25. Rb1 Rxb1+ 26. Bxb1 Bc8 27.
Bc2 Be6 28. Bb3 h6 29. Re7 Ra6 30. Rxe6 1-0

[Event "22nd ch-EUR Indiv 2022"]
[Site "Terme Catez SLO"]
[Date "2022.04.05"]
[Round "10.145"]
[White "Dubnevych, Maksym"]
[Black "Tribushnaya, Olga"]
[Result "1-0"]
[WhiteElo "2065"]
[BlackElo "1716"]
[WhiteFideId "14184001"]
[BlackFideId "14123045"]
[EventDate "2022.03.27"]

1. e4 e6 2. d4 d5 3. Nd2 dxe4 4. Nxe4 Bd7 5. Nf3 Bc6 6. Bd3 Nd7 7. O-O Ngf6 8.
Qe2 Nxe4 9. Bxe4 Bxe4 10. Qxe4 c6 11. c4 Nf6 12. Qc2 Be7 13. b3 O-O 14. Bb2 Qc7
15. Ne5 c5 16. Rad1 cxd4 17. Bxd4 Rad8 18. Qe2 Bc5 19. Bc3 Rxd1 20. Rxd1 Rd8 21.
Rxd8+ Qxd8 22. b4 Bd4 23. Qd2 Bb6 24. Qxd8+ Bxd8 25. Bd4 a5 26. b5 Ne4 27. c5 f6
28. Nc4 e5 29. Be3 Nc3 30. b6 Nxa2 31. Nxa5 Nb4 32. Nxb7 Be7 33. Na5 Bd8 34. c6
Na6 35. Nb7 1-0

[Event "22nd ch-EUR Indiv 2022"]
[Site "Terme Catez SLO"]
[Date "2022.04.05"]
[Round "10.146"]
[White "Zupancic, Urban"]
[Black "Kodric, Gasper"]
[Result "1/2-1/2"]
[WhiteElo "2047"]
[BlackElo "1787"]
[WhiteFideId "14606631"]
[BlackFideId "14625814"]
[EventDate "2022.03.27"]

1. d4 d5 2. c4 c6 3. Nf3 Nf6 4. e3 Bg4 5. Nc3 e6 6. h3 Bh5 7. g4 Bg6 8. Ne5 Nbd7
9. Nxg6 hxg6 10. g5 Ng8 11. cxd5 cxd5 12. h4 Ne7 13. h5 Nf5 14. Qg4 gxh5 15.
Rxh5 Rxh5 16. Qxh5 g6 17. Qd1 Be7 18. f4 Qb6 19. Bd2 a6 20. Rc1 Qa7 21. Bd3 Nd6
22. Ke2 Rc8 23. b3 Nb8 24. Qh1 Nc6 25. Na4 b6 26. Qh7 Kd7 27. Kf3 Rf8 28. Qh2
Nb7 29. Qe2 b5 30. Bxb5 axb5 31. Qxb5 Nd8 32. Nb6+ Kc7 33. Ba5 Kb8 34. Nxd5+ Qb7
35. Qxb7+ Kxb7 36. Nxe7 Nxa5 37. Ke4 Nac6 38. Nxc6 Nxc6 39. a3 Ra8 40. a4 Ra5
41. Rh1 Kb6 42. Kd3 Ra7 43. Rc1 Nb4+ 44. Ke4 Nd5 45. Kf3 Ne7 46. e4 Nc6 47. Ke3
Rd7 48. Rc4 Na5 49. Rb4+ Kc6 50. Rb5 Ra7 51. Kd3 Nxb3 52. Rxb3 Rxa4 53. Ke3 Ra7
54. f5 gxf5 55. exf5 exf5 56. Kf4 Ra5 57. Rc3+ Kd6 58. Rc5 Ra4 59. Kxf5 Rxd4 60.
Re5 Rd1 61. Re8 Rf1+ 62. Kg4 Rg1+ 63. Kh5 Rh1+ 64. Kg4 1/2-1/2

[Event "22nd ch-EUR Indiv 2022"]
[Site "Terme Catez SLO"]
[Date "2022.04.05"]
[Round "10.147"]
[White "Ghita, Vlad-Bogdan"]
[Black "Miftari, Hedon"]
[Result "0-1"]
[WhiteElo "1981"]
[BlackElo "1987"]
[WhiteFideId "1222198"]
[BlackFideId "15007065"]
[EventDate "2022.03.27"]

1. e4 c5 2. Nf3 Nc6 3. d4 cxd4 4. Nxd4 Nf6 5. Nc3 e5 6. Ndb5 d6 7. Bg5 a6 8. Na3
b5 9. Nd5 Be7 10. Bxf6 Bxf6 11. c4 b4 12. Nc2 O-O 13. g3 Bg5 14. h4 Bh6 15. Bh3
Be6 16. Qh5 Rb8 17. b3 Bxd5 18. cxd5 Ne7 19. O-O a5 20. f4 Qb6+ 21. Kh1 exf4 22.
gxf4 Qc5 23. Rac1 f5 24. Qf3 Rbc8 25. Ne3 Qxc1 26. Rxc1 Rxc1+ 27. Kg2 Ng6 28.
Kf2 fxe4 29. Qg3 Rxf4+ 30. Ke2 Rf3 31. Be6+ Kh8 32. Qxd6 Rxe3+ 33. Kf2 Rf3+ 34.
Kg2 Nxh4+ 35. Kh2 Bf4+ 0-1

[Event "22nd ch-EUR Indiv 2022"]
[Site "Terme Catez SLO"]
[Date "2022.04.05"]
[Round "10.148"]
[White "Qorri, Fatmir"]
[Black "Giacomini, Hector"]
[Result "1-0"]
[WhiteElo "2031"]
[BlackElo "2129"]
[WhiteFideId "4702107"]
[BlackFideId "605352"]
[EventDate "2022.03.27"]

1. d4 d5 2. Nf3 Nf6 3. g3 Bf5 4. Bg2 e6 5. O-O Be7 6. c4 c6 7. Qb3 Qb6 8. Nc3
Nbd7 9. Re1 Ne4 10. Be3 O-O 11. Nxe4 Bxe4 12. Nd2 Bxg2 13. Kxg2 Nf6 14. Qc2 Ng4
15. Qd3 Nxe3+ 16. fxe3 f5 17. c5 Qc7 18. b4 e5 19. dxe5 Qxe5 20. Nf3 Qe6 21.
Rab1 Rae8 22. a4 g6 23. Rec1 Bf6 24. Rb3 Rf7 25. b5 Rfe7 26. bxc6 bxc6 27. Kf2
d4 28. Nxd4 Bxd4 29. exd4 Qxe2+ 30. Qxe2 Rxe2+ 31. Kf3 R2e7 32. a5 Rd8 33. Rb4
Red7 34. Ke3 Kf7 35. Kd3 g5 36. a6 Kf6 37. Kc3 h5 38. Re1 f4 39. gxf4 gxf4 40.
Re5 Kg6 41. Kd3 f3 42. Re4 Rf7 43. Rb1 f2 44. Rf1 Rb8 45. Kc2 Kg5 46. h4+ Kg6
47. Re6+ Kf5 48. Re2 Kg4 49. Rfxf2 Rxf2 50. Rxf2 Kxh4 51. Rf7 Kg3 52. Rg7+ Kf3
53. Rh7 Kg4 54. Rxa7 h4 55. Rg7+ Kf3 56. a7 Ra8 57. Rc7 h3 58. Rxc6 Rxa7 59. Kd3
Rh7 60. Rf6+ Kg2 61. Ke3 h2 62. Rf2+ Kg3 63. Rxh2 Rxh2 64. d5 Kg4 65. Ke4 Re2+
66. Kd3 Re1 67. Kc4 Kf5 68. Kb5 Ke5 69. Kc6 Rd1 70. d6 Ke6 71. Kc7 Rd2 72. Kd8
Rc2 73. d7 Rh2 74. Kc7 Rh8 1-0

[Event "22nd ch-EUR Indiv 2022"]
[Site "Terme Catez SLO"]
[Date "2022.04.05"]
[Round "10.149"]
[White "Tancsa, Tamas"]
[Black "Shevchenko, Matviei"]
[Result "1-0"]
[WhiteElo "2096"]
[BlackElo "1326"]
[WhiteFideId "783749"]
[BlackFideId "14188678"]
[EventDate "2022.03.27"]

1. e4 c6 2. d4 d5 3. e5 c5 4. dxc5 Nc6 5. a3 Nxe5 6. b4 Nf6 7. Bb2 Ng6 8. g3 e6
9. Nf3 Bd7 10. Bd3 b6 11. cxb6 axb6 12. Nbd2 Bd6 13. c4 O-O 14. cxd5 exd5 15.
O-O Bg4 16. Re1 Nh5 17. Qb3 Bc7 18. Ne5 Nxe5 19. Bxe5 Bxe5 20. Rxe5 Nf6 21. f3
Be6 22. f4 Ng4 23. Ree1 b5 24. Re2 Qb6+ 25. Kg2 Qc6 26. f5 Bd7 27. Nf3 Rfe8 28.
Rae1 Rxe2+ 29. Rxe2 Re8 30. Rxe8+ Bxe8 31. Qb2 Bd7 32. Qd4 f6 33. Qxg4 g5 34.
Qd4 Kf7 35. Qc5 Qb7 36. Nd4 1-0

[Event "22nd ch-EUR Indiv 2022"]
[Site "Terme Catez SLO"]
[Date "2022.04.05"]
[Round "10.150"]
[White "Franco, Alessandro P."]
[Black "Bashylina, Luisa"]
[Result "1-0"]
[BlackTitle "WFM"]
[WhiteElo "1848"]
[BlackElo "2043"]
[WhiteFideId "865923"]
[BlackFideId "12983292"]
[EventDate "2022.03.27"]

1. e4 c5 2. c3 d5 3. exd5 Qxd5 4. d4 Nc6 5. Nf3 cxd4 6. cxd4 e5 7. Nc3 Bb4 8.
Be2 e4 9. O-O Bxc3 10. bxc3 exf3 11. Bxf3 Qd6 12. Qb3 Nge7 13. Ba3 Qd8 14. Rfe1
O-O 15. d5 Na5 16. Qb4 Ng6 17. c4 Bd7 18. Qc3 Re8 19. Bb4 b6 20. c5 Rc8 21. c6
Rxe1+ 22. Rxe1 Bf5 23. c7 Qf6 24. Qxf6 gxf6 25. d6 Ne5 26. Be4 Bd7 27. Bxa5 bxa5
28. Bb7 Re8 29. Rc1 Bc8 30. Bd5 Kf8 31. f4 Nd3 32. Rb1 Nc5 33. Rb8 Bd7 34. Bc6
Bxc6 35. Rxe8+ 1-0

[Event "22nd ch-EUR Indiv 2022"]
[Site "Terme Catez SLO"]
[Date "2022.04.05"]
[Round "10.151"]
[White "Patt, Zafrir"]
[Black "Linnemann, Caspar"]
[Result "1-0"]
[WhiteElo "1771"]
[BlackElo "1773"]
[WhiteFideId "2840170"]
[BlackFideId "16200284"]
[EventDate "2022.03.27"]

1. e4 c5 2. Nf3 d6 3. d4 cxd4 4. Nxd4 Nf6 5. Nc3 a6 6. Be3 e6 7. f3 b5 8. a3
Nbd7 9. Qd2 Bb7 10. g4 Nb6 11. O-O-O Nfd7 12. Rg1 Ne5 13. b3 d5 14. Nb1 Be7 15.
f4 Ned7 16. e5 O-O 17. g5 g6 18. h4 h5 19. gxh6 Bxh4 20. Bd3 Kh7 21. Nxe6 Qe7
22. Nxf8+ Rxf8 23. f5 Rg8 24. e6 Ne5 25. exf7 Nxd3+ 26. Qxd3 Qxf7 27. fxg6+ Rxg6
28. Rxg6 Qxg6 29. Qxg6+ Kxg6 30. Bxb6 1-0

[Event "22nd ch-EUR Indiv 2022"]
[Site "Terme Catez SLO"]
[Date "2022.04.05"]
[Round "10.152"]
[White "Palczert, Miklos"]
[Black "Pasti, Zsombor"]
[Result "1-0"]
[WhiteElo "1770"]
[BlackElo "1773"]
[WhiteFideId "727938"]
[BlackFideId "799173"]
[EventDate "2022.03.27"]

1. e4 e5 2. Nf3 Nc6 3. Bc4 Nf6 4. Ng5 d5 5. exd5 Na5 6. Bb5+ Bd7 7. Qe2 Bd6 8.
Nc3 O-O 9. Bxd7 Qxd7 10. d3 Bb4 11. Bd2 Nxd5 12. Qe4 Nf6 13. Qxb4 Nc6 14. Qh4 h6
15. Nge4 Nxe4 16. Nxe4 Nd4 17. Bxh6 f5 18. O-O-O Qa4 19. Kb1 fxe4 20. c3 Nf5 21.
Qg4 Nxh6 22. Qe6+ Nf7 23. dxe4 Qxe4+ 24. Ka1 Rad8 25. Rde1 Qc2 26. h4 Rd2 27.
Rb1 Rxf2 28. g4 Rf6 29. Qc4 Rc6 30. Qb5 Rb6 31. Qc4 Qg2 32. g5 Qc6 33. Qe2 Qe6
34. Rbg1 Ra6 35. a3 Nd6 36. g6 Nf5 37. Rg5 Rf6 38. h5 Qe7 39. Qe4 Rxa3+ 40. Kb1
Ra1+ 41. Kxa1 Ra6+ 42. Kb1 Qxg5 43. Qxb7 Rd6 44. Rf1 Ng3 45. Qb3+ 1-0

[Event "22nd ch-EUR Indiv 2022"]
[Site "Terme Catez SLO"]
[Date "2022.04.05"]
[Round "10.153"]
[White "Zlatanovic, Marcus"]
[Black "Kuznetsova, Elyzaveta"]
[Result "1-0"]
[WhiteElo "1680"]
[BlackElo "1366"]
[WhiteFideId "14626195"]
[BlackFideId "14189950"]
[EventDate "2022.03.27"]

1. e4 c6 2. d4 d5 3. e5 Bf5 4. h4 h5 5. Bd3 Bxd3 6. Qxd3 e6 7. Nf3 Nh6 8. O-O
Be7 9. g3 Nf5 10. Bg5 Bxg5 11. Nxg5 Nh6 12. Qf3 Qb6 13. Qc3 Nf5 14. Nf3 Na6 15.
Nbd2 c5 16. Nb3 cxd4 17. Nfxd4 Nxd4 18. Nxd4 Qc7 19. Qe1 Qb6 20. Qd2 g6 21. c3
Kd7 22. Nf3 Rac8 23. Ng5 Ke7 24. Qf4 Rcf8 25. Rab1 Nc5 26. Rfd1 Nd7 27. c4 Qc7
28. cxd5 Qxe5 29. dxe6 fxe6 30. Rxd7+ 1-0

[Event "22nd ch-EUR Indiv 2022"]
[Site "Terme Catez SLO"]
[Date "2022.04.06"]
[Round "11.2"]
[White "Bluebaum, Matthias"]
[Black "Saric, Ivan"]
[Result "1/2-1/2"]
[WhiteTitle "GM"]
[BlackTitle "GM"]
[WhiteElo "2642"]
[BlackElo "2687"]
[WhiteFideId "24651516"]
[BlackFideId "14508150"]
[EventDate "2022.03.27"]

1. d4 d6 2. Nf3 Nf6 3. c4 g6 4. Nc3 Bg7 5. e4 O-O 6. Be2 e5 7. O-O Nc6 8. dxe5
dxe5 9. Bg5 Qxd1 10. Rfxd1 h5 11. h3 Nd4 12. Nxd4 exd4 13. Bxf6 Bxf6 14. Nd5 Bd8
15. Rxd4 c6 16. Nc3 Be6 17. Rdd1 Kg7 18. e5 Bc7 19. Ne4 Bxe5 20. Nc5 Bf5 21. g4
hxg4 22. hxg4 Bc8 23. Nd7 Re8 24. Nxe5 Rxe5 25. Rd2 Be6 26. Kg2 Re8 27. Kg3 a5
28. Rc1 g5 29. Bf3 Kf6 30. b3 Ke7 31. a3 Ra8 32. Rd3 Rd8 33. Rxd8 Kxd8 34. b4
Kc7 35. c5 a4 36. Rd1 Bb3 37. Rh1 Kb8 38. Rh8+ Kc7 39. Rh6 Bc4 40. Rd6 Re1 41.
Rd1 Re8 42. Rd4 Bb3 43. Re4 Be6 44. Rd4 Bb3 1/2-1/2

[Event "22nd ch-EUR Indiv 2022"]
[Site "Terme Catez SLO"]
[Date "2022.04.06"]
[Round "11.3"]
[White "Cheparinov, Ivan"]
[Black "Lagarde, Maxime"]
[Result "1-0"]
[WhiteTitle "GM"]
[BlackTitle "GM"]
[WhiteElo "2672"]
[BlackElo "2626"]
[WhiteFideId "2905540"]
[BlackFideId "662399"]
[EventDate "2022.03.27"]

1. d4 Nf6 2. c4 e6 3. Nc3 Bb4 4. f3 c5 5. d5 b5 6. e4 d6 7. Ne2 exd5 8. cxd5 O-O
9. Ng3 a6 10. Be2 Nbd7 11. O-O c4 12. Be3 Re8 13. Kh1 Bc5 14. Bxc5 Nxc5 15. b4
cxb3 16. axb3 b4 17. Nb5 Qb6 18. Nd4 Bd7 19. Qd2 a5 20. Rfb1 Re5 21. Bc4 Rae8
22. Re1 g6 23. Qf4 Nd3 24. Bxd3 Nxd5 25. Qd2 Qxd4 26. Ne2 Qf2 27. exd5 Rxd5 28.
Rf1 Rxd3 29. Qxd3 Qxe2 30. Qxd6 Qe6 31. Qd2 Qf5 32. Rfe1 Rxe1+ 33. Rxe1 Be6 34.
Qd4 h5 35. h4 Kh7 36. Re5 Qb1+ 37. Kh2 Qxb3 38. Rxa5 Qc3 39. Qxc3 bxc3 40. Rc5
Kg7 41. Kg3 Bb3 42. Rxc3 Be6 43. Rc7 Bd5 44. Kf4 Be6 45. Ke5 Ba2 46. Rc6 Bb1 47.
Rd6 Bc2 48. Rd4 Bf5 49. Kd6 Kf8 50. Rb4 Be6 51. Rb8+ Kg7 52. Ke7 Bc4 53. Rb6 Bd5
54. Rf6 Bc4 55. f4 Bd5 56. g3 Bc4 57. f5 1-0

[Event "22nd ch-EUR Indiv 2022"]
[Site "Terme Catez SLO"]
[Date "2022.04.06"]
[Round "11.4"]
[White "Kozul, Zdenko"]
[Black "Guseinov, Gadir"]
[Result "1/2-1/2"]
[WhiteTitle "GM"]
[BlackTitle "GM"]
[WhiteElo "2619"]
[BlackElo "2661"]
[WhiteFideId "14502879"]
[BlackFideId "13401378"]
[EventDate "2022.03.27"]

1. d4 d5 2. c4 c6 3. Nf3 Nf6 4. Nc3 dxc4 5. e4 b5 6. Be2 Bg4 7. h3 Bxf3 8. Bxf3
e5 9. Be3 Nbd7 10. d5 cxd5 11. Nxd5 Bc5 12. a4 Bxe3 13. Nxe3 Qa5+ 14. Ke2 O-O
15. Qd6 bxa4 16. Rhb1 Nc5 17. Qxe5 Rfe8 18. Qc3 Qxc3 19. bxc3 Nfxe4 20. Bxe4
Nxe4 21. Rb4 Rad8 22. Rxc4 f5 23. Raxa4 Rd2+ 24. Kf1 a5 25. Kg1 Rb2 26. Rc7 Rb5
27. Ra1 f4 28. Nc4 Reb8 29. Na3 Rb3 30. Re1 Rxc3 31. Ra7 Nc5 32. Nb5 Rb3 33. Nd6
Rb1 34. Rxb1 Rxb1+ 35. Kh2 h6 36. Rxa5 Nd3 37. Ra2 Re1 38. f3 Nc5 39. h4 Re6 40.
Rc2 Rxd6 41. Rxc5 g6 42. Rc4 Rf6 1/2-1/2

[Event "22nd ch-EUR Indiv 2022"]
[Site "Terme Catez SLO"]
[Date "2022.04.06"]
[Round "11.5"]
[White "Yilmaz, Mustafa"]
[Black "Nisipeanu, Liviu-Dieter"]
[Result "1-0"]
[WhiteTitle "GM"]
[BlackTitle "GM"]
[WhiteElo "2624"]
[BlackElo "2652"]
[WhiteFideId "6302718"]
[BlackFideId "1202758"]
[EventDate "2022.03.27"]

1. d4 Nf6 2. c4 e6 3. Nf3 d5 4. Nc3 c5 5. cxd5 cxd4 6. Qxd4 exd5 7. e4 Nc6 8.
Bb5 dxe4 9. Qxd8+ Kxd8 10. Ng5 Be6 11. Nxe6+ fxe6 12. Bxc6 bxc6 13. Ke2 Bb4 14.
Rd1+ Ke7 15. Na4 Rhd8 16. Rxd8 Rxd8 17. Be3 Rd5 18. Rc1 Ra5 19. b3 Kd7 20. Bc5
Nd5 21. Rc4 Bxc5 22. Nxc5+ Ke7 23. a4 Nb6 24. Rc1 Nd5 25. g3 Nb4 26. Rc4 Na6 27.
Nb7 Rd5 28. Rxc6 Nb4 29. Rc4 Nd3 30. Ke3 Ne5 31. Rc7+ Kf6 32. Nc5 Ng4+ 33. Ke2
a5 34. h3 Ne5 35. Nxe4+ Kg6 36. Nc5 Nf7 37. Nd3 Kf6 38. Ra7 g5 39. Nb2 Ne5 40.
Rxh7 Rc5 41. Nd3 Rc2+ 42. Kd1 Ra2 43. Nxe5 Kxe5 44. Ke1 Rb2 45. Rb7 Ke4 46. Kf1
e5 47. Kg2 Kd4 48. Rd7+ Kc3 49. Rd5 e4 50. Kf1 Rxb3 51. Rxa5 Rb1+ 52. Ke2 Kd4
53. Rxg5 Rb2+ 54. Kf1 Rb1+ 55. Kg2 Rb2 56. Rb5 Ra2 57. Rb4+ Ke5 58. Rb8 Rxa4 59.
h4 Ra2 60. Rf8 1-0